Capitals of Europe Quiz Stats

 Plays Quiz Updated Mar 25, 2019

Score 0/47 Timer 08:00
172 Plays Today
% Correct
Paris, France
94.1%
Rome,
Italy
93.6%
London,
United Kingdom
93.6%
Berlin, Germany
93%
Madrid,
Spain
92.7%
Moscow,
Russia
92.4%
Dublin,
Ireland
92.3%
Athens,
Greece
92.1%
Amsterdam,
Netherlands
89.7%
Oslo,
Norway
89.4%
Lisbon,
Portugal
89.4%
Vatican City,
Vatican City
88.2%
Brussels,
Belgium
87.4%
Warsaw, Poland
87.3%
Vienna,
Austria
86.3%
Copenhagen,
Denmark
85.8%
Stockholm,
Sweden
85%
Luxembourg,
Luxembourg
84.8%
Helsinki, Finland
84.5%
Monaco,
Monaco
84.4%
Prague, Czechia
84.2%
Budapest, Hungary
82.6%
Bern, Switzerland
82.1%
San Marino, San Marino
81.6%
% Correct
Kyiv, Ukraine
80.1%
Ankara, Turkey
78.5%
Reykjavík,
Iceland
73.5%
Sofia, Bulgaria
73.4%
Bucharest, Romania
71.1%
Minsk,
Belarus
68.7%
Riga,
Latvia
68%
Zagreb,
Croatia
66.3%
Tallinn, Estonia
63.7%
Sarajevo, Bosnia Herzegovina
62%
Belgrade, Serbia
59.6%
Bratislava, Slovakia
59.4%
Nicosia, Cyprus
58.8%
Andorra la Vella,
Andorra
58.7%
Vilnius,
Lithuania
56.8%
Valletta,
Malta
55.6%
Tirana,
Albania
54%
Vaduz, Liechtenstein
53.2%
Ljubljana,
Slovenia
51.2%
Skopje, North Macedonia
51%
Pristina,
Kosovo
47.8%
Chisinau, Moldova
44.8%
Podgorica,
Montenegro
41.8%

You're not logged in!

Compare scores with friends on all Sporcle quizzes.
OR
Log In

Sporcle TV

Today on Sporcle TV


Watch our educational content, quiz creation guides, and fun videos on Sporcle TV.

Show Comments

Extras

Top Quizzes Today


Score Distribution

Your Account Isn't Verified!

In order to create a playlist on Sporcle, you need to verify the email address you used during registration. Go to your Sporcle Settings to finish the process.

Report this User

Report this user for behavior that violates our Community Guidelines.

Details: